00353nam a2200133Ia 4500003000400000020001800004082001300022100001500035245004100050260004100091300001000132650002400142653005300166SGT a9788180546952 a658bPRA aPrasad,L.M aPrincipal and practice of management bSultan Chand & SonsaNew Delhic2010 a884p. aGENERAL MANAGEMENT  aNATURE OF MANAGEMENT, DEVELOMPENT OF MANAGEMENT